书目信息 |
| 题名: |
菲利普二世时代的地中海和地中海世界 下
|
|
| 作者: | 布罗代尔 著 | |
| 分册: | ||
| 出版信息: | 北京 商务印书馆 1996.12 |
|
| 页数: | 1018页 | |
| 开本: | 32开 | |
| 丛书名: | ||
| 单 册: | ||
| 中图分类: | K901.9 | |
| 科图分类: | ||
| 主题词: | 地理 | |
| 电子资源: | ||
| ISBN: | 7-100-01864-1 | |
| 000 | 00613nam0 2200193 45 | |
| 001 | 0009191718 | |
| 005 | 20000919172901.0 | |
| 010 | @a7-100-01864-1@d44.00元 | |
| 100 | @a20000919d1996 km y0chiy0120 ea | |
| 101 | 0 | @achi |
| 105 | @a z 000yy | |
| 200 | 1 | @a菲利普二世时代的地中海和地中海世界 下@AFei Li Pu Er Shi Shi Dai De Di Zhong Hai He Di ZhongHai Shi Jie Xia@f(法)布罗代尔著@F(Fa)Bu Luo Dai Er Zhu |
| 210 | @a北京@c商务印书馆@d1996.12 | |
| 215 | @a1018页@d32开 | |
| 606 | 0 | @a地理 |
| 690 | @aK901.9@v3 | |
| 701 | 0 | @a布罗代尔@4著 |
| 801 | @aCN@bPftUser@c20000919 | |
| 905 | @dK901.9@eB141:2@b148805-807@f3 | |
| 菲利普二世时代的地中海和地中海世界 下/(法)布罗代尔著.-北京:商务印书馆,1996.12 |
| 1018页;32开 |
| ISBN 7-100-01864-1:44.00元 |
| ● |
| 相关链接 |
|
|
|
正题名:菲利普二世时代的地中海和地中海世界下
索取号:K901.9/B141:2
 
预约/预借
| 序号 | 登录号 | 条形码 | 馆藏地/架位号 | 状态 | 备注 |
| 1 | 148805 | 201488050 | 社科库309/309社科库 12排1列2层/ [索取号:K901.9/B141:2] | 在馆 | |
| 2 | 148806 | 201488069 | 自科二线404/400A自科库 14排3列2层/ [索取号:K901.9/B141:2] | 在馆 | |
| 3 | 148807 | 201488078 | 社科库309/309社科库 12排1列2层/ [索取号:K901.9/B141:2] | 在馆 |